000 00805nam a2200229 i 4500
001 12910
003 ES-MaACL
005 20250829104904.0
007 t|
008 971008s1996 sp ||||1| spa d
020 _a84-920758-1-3
080 _a504.05/06
080 _a330.15
245 0 0 _aWorld resources
_b: informe del Instituto de Recursos Mundiales en colaboración con el Programa de las Naciones Unidas para el Medio Ambiente y el programa de las Naciones Unidas para el Desarrollo.
260 _aMadrid :
_bEcoEspaƱa,
_c1996.
300 _aXIV, 424 p. ;
_c24 cm.
650 1 4 _aMedio ambiente-
_xInfluencia humana.
_914956
650 1 7 _aRecursos naturales
_2embne
_916700
710 2 _aWorld Resources Institute.
_97575
852 _aES-MaACL
_jL-20233
_bR.125739
999 _c12910
_d12910